| 000 | 00869nam a2200241 a 4500 | ||
|---|---|---|---|
| 001 | 000041802 | ||
| 005 | 20201002035749.0 | ||
| 008 | 131016s2002 sp a 001 0 spa d | ||
| 020 | _a8400081110 | ||
| 040 |
_aDO-SdBNP _bspa _cBNPHU |
||
| 041 | 1 | 7 | _aeng |
| 245 | 0 | 0 |
_aNew acoustics : _bselected topics / _ceditores C. Ranz-Guerra, J. A. Gallego-Juárez,. |
| 260 |
_aMadrid : _bCSIC, _c2002. |
||
| 300 |
_a193 p. ; : _bil. ; _c25 cm. |
||
| 490 | 1 |
_aBiblioteca de ciencias _v7 |
|
| 504 | _aBibliografía : p. 190-193 | ||
| 504 | _aIncluye referencias bibliográficas y notas al pie de las páginas | ||
| 700 | 1 |
_aGallego Juárez, Juan Antonio, _eed. _968668 |
|
| 700 | 1 |
_aRanz-Guerra, C., _eed _968669 |
|
| 700 | 1 |
_aAvila, Jesús _eed. _968463 |
|
| 710 | 2 |
_aConsejo Superior de Investigaciones Científicas (España) _915178 |
|
| 830 | 0 |
_aBiblioteca de ciencias _c7 _938842 |
|
| 999 |
_c41291 _d41291 |
||